000 01234naa a2200337 c 4500
001 49300
610 1 4 _938124
_aFIDE
999 _c49300
_d49300
003 ES-MaCES
005 20180322142108.0
008 170427s2017 sp ||||| t||||||| ||spa d
040 _aES-MaCES
_bspa
_cES-MaCES
_dES-MaCES
100 1 _97303
_aBaylos Grau, Antonio
245 1 0 _aSobre el documento FIDE “por un nuevo marco legislativo laboral”
_cAntonio Baylos
650 4 _928299
_aempleo
650 4 _928292
_amercado de trabajo
650 4 _928316
_acontrato de trabajo
650 4 _928327
_acondiciones de trabajo
650 4 _929204
_atrabajador temporal
650 4 _930171
_aempleo precario
650 4 _930174
_aflexibilidad del trabajo
650 4 _928352
_adespido
650 4 _928362
_anegociación colectiva
650 4 _927166
_alegislación del trabajo
650 4 _929892
_areforma legislativa
650 4 _929776
_aservicio de consultoría
650 4 _928986
_ainforme
653 1 0 _aRelaciones laborales-Empleo
773 0 _985808
_dMadrid Lefebvre El Derecho 2015-
_o088706
_tDerecho de las relaciones laborales
_w(ES-MaCES)46200
_gn. 1 (en. 2017) {55/1131 R. 088706} ;p. 56-60
902 _aART Artículo de revista
942 _2CES
_cAR
_h2.0.